000 00785nam a22002057a 4500
005 20251108174752.0
008 250721s2009 xx 000 0 ara d
082 1 4 _a413.12/صقو
100 1 _aالصقور، صالح
_eمؤلف
245 1 0 _aموسوعة الخدمة الإجتماعية المعاصرة (معجم المصطلحات ) /
246 1 1 _aENCYCLOPEDIA OF mODERN sOCIAL wORK
264 1 _aعمان :
_bزهران،
_c2009.
300 _a320ص.
500 _aالمعجم يحتوي المصطلح باللغة العربية و الانجليزية ومعرف بالعربية
650 1 7 _aمعاجم المصطلحات
650 1 7 _aالخدمة الاجتماعية
650 1 7 _aالرعاية الاجتماعية
942 _2ddc
_cBK
999 _c117563
_d117563